000 00624cam a2200229 4500
008 090401t1988 xxu||||| |||| 00| 0 eng d
020 _a0902433555
035 _a(Sirsi) u37327
041 _aeng
050 _a692.5
245 _aFarm building cost guide 1988
250 _a14th ed.
260 _aBucksburn,Aberdeen
_bScottish Farm Buildings Investigation Un
_c1988
300 _a95p. : ill. ; 30cm.
350 _a12.25
650 _aBUILT ENVIRONMENT-BUILDING COSTS
650 _aFARM BUILDINGS
650 _aBUILDING PRICE BOOKS
700 _aMacCormack, John.
_xEditor
942 _n0
948 _c04/03/1997
999 _c90469
_d90469